L'utopia dell'intendersi. Sinodo delle donne (Record n. 214317)

Dettagli MARC
000 -LEADER
fixed length control field 00846nam a2200205Ia 4500
001 - CONTROL NUMBER
control field b3089-25396 [4405]
003 - CONTROL NUMBER IDENTIFIER
control field IT-MiCISF
008 - FIXED-LENGTH DATA ELEMENTS--GENERAL INFORMATION
fixed length control field 161014s9999||||xx |||||||||||||| ||und||
040 ## - CATALOGING SOURCE
Original cataloging agency IT-MiCISF
Transcribing agency IT-MiCISF
041 ## - LANGUAGE CODE
Language code of text/sound track or separate title it
999 ## - SYSTEM CONTROL NUMBERS (KOHA)
Koha Dewey Subclass [OBSOLETE] si
100 ## - MAIN ENTRY--PERSONAL NAME
Personal name AA.VV.
245 #0 - TITLE STATEMENT
Title L'utopia dell'intendersi. Sinodo delle donne
Remainder of title Atti del convegno 13-14 marzo 1993, Milano, Università Cattolica del Sacro Cuore
250 ## - EDITION STATEMENT
Edition statement 1a ed.
260 ## - PUBLICATION, DISTRIBUTION, ETC. (IMPRINT)
Place of publication, distribution, etc. Milano
Name of publisher, distributor, etc. In Dialogo
Date of publication, distribution, etc. 1993
300 ## - PHYSICAL DESCRIPTION
Extent pp. 166
500 ## - GENERAL NOTE
General note Gruppo promozione donna (a cura di) - Dutto M., Ciccolini A.T., Sfonfrini M., Cambieri Blatto B., Sozzi Manci A., Zucchetti E., Bartolomei M.C., Occhipinti Gozzini V., Militello C., Prestini L. / donna, società, chiesa, cultura, coppia, famiglia, teologia, rapporti-uomo-donna /
650 ## - SUBJECT ADDED ENTRY--TOPICAL TERM
Topical term or geographic name as entry element donna
942 ## - ADDED ENTRY ELEMENTS (KOHA)
Koha item type LIBRO
957 ## -
-- 1
999 ## - SYSTEM CONTROL NUMBERS (KOHA)
-- 1
Dati di copia
Withdrawn status Lost status Damaged status Not for loan Home library Current library Date acquired Total Checkouts Full call number Date last seen Price effective from Koha item type Public note
    Buone Condizioni Not For Loan CISF - Milano CISF - Milano 14/10/2016   b3089-25396 [4405] 14/10/2016 14/10/2016 LIBRO Data import 15.10.2016 / by Epidotti, Vaglietti
CREDITS: SOCIETA' SAN PAOLO Via A.Severo, 58 - ROMA (RM) & PERIODICI SAN PAOLO SRL Via Giotto, 36 MILANO & CISF Via Giotto, 36 MILANO & EDIZIONI SAN PAOLO SRL,  Piazza Soncino, 5 CINISELLO BALSAMO (MI) -- ITALY